[Event "Reunion op 10th"]
[White "Travers, Christophe"]
[Black "Riviere, Christophe"]
[Site "St Denis"]
[Round "2"]
[Result "1-0"]
[Date "2008.10.12"]
[WhiteElo "1880"]
[BlackElo "1660"]
[PlyCount "87"]
[EventDate "2008.10.11"]
[EventType "swiss"]
[EventRounds "9"]
[EventCountry "RUF"]
[SourceTitle "EXT 2009"]
[Source "ChessBase"]
[SourceDate "2008.11.26"]
[SourceVersion "1"]
[SourceVersionDate "2008.11.26"]
[SourceQuality "1"]

1. d4 d5 2. Nf3 Bf5 3. c4 Nf6 4. Nc3 c6 5. Bg5 Nbd7 6. e3 Qa5 7. Bxf6 Nxf6 8. Qb3 Rb8 9. Be2 e6 10. 0-0 Qc7 11. cxd5 exd5 12. Rac1 Rd8 13. Ne5 a6 14. Rfd1 Be7 15. Na4 0-0 16. Nc5 Bxc5 17. Rxc5 Ne4 18. Rcc1 Rd6 19. Bg4 Bxg4 20. Nxg4 Qd7 21. f3 Ng5 22. Qd3 Qe7 23. Rd2 h5 24. Ne5 Rh6 25. e4 f6 26. Nxc6 bxc6 27. Rxc6 dxe4 28. fxe4 Nxe4 29. Re2 f5 30. Rxh6 gxh6 31. Qxa6 Qg5 32. Qe6+ Kg7 33. Qe5+ Nf6 34. Qc7+ Rf7 35. Qg3 Ng4 36. h3 h4 37. Qe1 Nf6 38. Re7 Ne4 39. Rxf7+ Kxf7 40. Qe2 Qf4 41. Qh5+ Kf6 42. Qe8 Qe3+ 43. Kh2 Qxd4 44. Qh8+ 1-0

[Event "Reunion op 09th"]
[White "Travers, Christophe"]
[Black "Lebon, Yohan"]
[Site "Reunion"]
[Round "7"]
[Result "1-0"]
[Date "2007.10.19"]
[WhiteElo "1914"]
[BlackElo "1768"]
[PlyCount "63"]
[EventDate "2007.10.14"]
[EventType "swiss"]
[EventRounds "9"]
[EventCountry "RUF"]
[SourceTitle "EXT 2012"]
[Source "ChessBase"]
[SourceDate "2011.11.24"]
[SourceVersion "1"]
[SourceVersionDate "2011.11.24"]
[SourceQuality "1"]

1. d4 d5 2. Nf3 Nf6 3. c4 e6 4. Nc3 Bb4 5. e3 0-0 6. Bd3 b6 7. 0-0 Bb7 8. cxd5 Bxc3 9. bxc3 Bxd5 10. Re1 Nbd7 11. e4 Bb7 12. e5 Ne8 13. Ng5 g6 14. Ne4 Ng7 15. Bh6 Re8 16. Bg5 Qc8 17. Nf6+ Nxf6 18. Bxf6 c5 19. Qd2 Nh5 20. Qh6 Re7 21. Bxe7 Qe8 22. Bf6 Qf8 23. Qxf8+ Rxf8 24. Be7 Re8 25. Bd6 Nf4 26. Be4 Ba6 27. dxc5 Ne2+ 28. Rxe2 Bxe2 29. cxb6 axb6 30. Rb1 Rc8 31. Rxb6 Kg7 32. Rb8 1-0

[Event "Reunion op 09th"]
[White "Li Ying, Patrick"]
[Black "Travers, Christophe"]
[Site "Reunion"]
[Round "2"]
[Result "1-0"]
[Date "2007.10.15"]
[WhiteElo "2169"]
[BlackElo "1914"]
[PlyCount "63"]
[EventDate "2007.10.14"]
[EventType "swiss"]
[EventRounds "9"]
[EventCountry "RUF"]
[SourceTitle "EXT 2012"]
[Source "ChessBase"]
[SourceDate "2011.11.24"]
[SourceVersion "1"]
[SourceVersionDate "2011.11.24"]
[SourceQuality "1"]

1. d4 d5 2. Bf4 Nf6 3. e3 Bg4 4. f3 Bf5 5. g4 Bg6 6. h4 h5 7. g5 Nfd7 8. Nc3 c6 9. Bd3 Bxd3 10. Qxd3 g6 11. 0-0-0 Bg7 12. e4 e6 13. Bd6 Nb6 14. Be5 Bxe5 15. dxe5 Qe7 16. exd5 Nxd5 17. Ne4 0-0 18. Nf6+ Kg7 19. c4 Nb4 20. Qd6 Nxa2+ 21. Kb1 Qxd6 22. exd6 Nb4 23. d7 Rd8 24. Ne8+ Kf8 25. Nc7 Nxd7 26. Nxa8 Na6 27. Rh2 Ke7 28. Rhd2 Nac5 29. b4 Na6 30. b5 Nac5 31. Nc7 Rc8 32. bxc6 1-0

[Event "Reunion-ch"]
[White "Jones, Dave"]
[Black "Travers, Christophe"]
[Site "Reunion"]
[Round "3"]
[Result "1-0"]
[Date "2005.11.27"]
[WhiteElo "2110"]
[BlackElo "1840"]
[PlyCount "45"]
[EventDate "2005.11.26"]
[EventType "swiss"]
[EventRounds "9"]
[EventCountry "RUF"]
[SourceTitle "EXT 2008"]
[Source "ChessBase"]
[SourceDate "2007.11.25"]
[SourceVersion "1"]
[SourceVersionDate "2007.11.25"]
[SourceQuality "1"]

1. e4 e5 2. Nf3 Nf6 3. Nxe5 d6 4. Nf3 Nxe4 5. Nc3 Nf6 6. d4 d5 7. Bf4 a6 8. a3 Be7 9. Be2 0-0 10. 0-0 Re8 11. Re1 h6 12. b4 Ne4 13. Nxe4 dxe4 14. Ne5 Nd7 15. Bc4 Nxe5 16. Bxe5 Bf5 17. Qh5 g6 18. Qxh6 Bf6 19. g4 Bxe5 20. gxf5 gxf5 21. dxe5 Rxe5 22. Re3 f4 23. Qg6+ 1-0

[Event "Sainte Marie op"]
[White "Travers, Christophe"]
[Black "Demery, Kerril"]
[Site "Sainte Marie"]
[Round "8"]
[Result "1-0"]
[Date "2005.10.22"]
[WhiteElo "1840"]
[BlackElo "1740"]
[PlyCount "129"]
[EventDate "2005.10.15"]
[EventType "swiss"]
[EventRounds "9"]
[EventCountry "FRA"]
[SourceTitle "EXT 2006"]
[Source "ChessBase"]
[SourceDate "2005.11.24"]
[SourceVersion "1"]
[SourceVersionDate "2005.11.24"]
[SourceQuality "1"]

1. d4 d5 2. Nf3 Nf6 3. c4 e6 4. Bg5 Be7 5. e3 0-0 6. Nc3 Nbd7 7. Bd3 b6 8. cxd5 exd5 9. 0-0 Bb7 10. Rc1 Rc8 11. Nb5 c5 12. dxc5 bxc5 13. Bf5 Ba6 14. Qa4 Bxb5 15. Qxb5 Rb8 16. Qe2 Ne4 17. Bf4 Rb7 18. Bxe4 dxe4 19. Ne5 Nxe5 20. Bxe5 Qd5 21. Bc3 Qxa2 22. Qg4 f6 23. Qxe4 Rd7 24. Qg4 Rfd8 25. Rfd1 Rxd1+ 26. Rxd1 Rxd1+ 27. Qxd1 Bd6 28. g3 Qe6 29. Qd3 Be5 30. Qd8+ Kf7 31. Bxe5 Qxe5 32. Qd7+ Qe7 33. Qd5+ Kg6 34. e4 Qe5 35. Qxe5 fxe5 36. Kf1 Kf6 37. Ke2 g5 38. f3 Ke6 39. Kd3 Kd6 40. Kc3 a5 41. Kd3 a4 42. Kc4 Kc6 43. g4 Kb6 44. Kd5 Kb5 45. Kxe5 Kb4 46. Kd5 Kb3 47. e5 c4 48. e6 a3 49. bxa3 c3 50. e7 c2 51. e8Q c1Q 52. Qb5+ Kxa3 53. Qc5+ Kb2 54. Qxc1+ Kxc1 55. Ke5 Kd2 56. f4 gxf4 57. Kxf4 Kd3 58. h4 Kd4 59. g5 Kd5 60. Kf5 Kd6 61. Kf6 Kd7 62. Kg7 Ke6 63. Kxh7 Kf5 64. g6 Kg4 65. h5 1-0

[Event "Sainte Marie op"]
[White "Bricard, Herve"]
[Black "Travers, Christophe"]
[Site "Sainte Marie"]
[Round "7"]
[Result "1-0"]
[Date "2005.10.21"]
[WhiteElo "2126"]
[BlackElo "1840"]
[PlyCount "85"]
[EventDate "2005.10.15"]
[EventType "swiss"]
[EventRounds "9"]
[EventCountry "FRA"]
[SourceTitle "EXT 2006"]
[Source "ChessBase"]
[SourceDate "2005.11.24"]
[SourceVersion "1"]
[SourceVersionDate "2005.11.24"]
[SourceQuality "1"]

1. e4 e5 2. Bc4 Nf6 3. d3 Bc5 4. Nc3 c6 5. Nf3 d6 6. h3 0-0 7. Bb3 h6 8. 0-0 b5 9. a4 b4 10. Ne2 a5 11. Ng3 Be6 12. Bxe6 fxe6 13. c3 Nbd7 14. d4 exd4 15. cxd4 Bb6 16. Be3 c5 17. Qb3 Re8 18. Rfd1 Rc8 19. Rac1 Qc7 20. dxc5 dxc5 21. Nd2 Ne5 22. Nc4 Nxc4 23. Qxc4 Kf8 24. f4 Qc6 25. b3 e5 26. fxe5 Rxe5 27. Bf4 Re6 28. e5 Nd7 29. Rf1 Kg8 30. Nf5 Kh8 31. Nd6 Rg6 32. Rc2 Rf8 33. e6 Nf6 34. Nf7+ Kh7 35. Ne5 Qd5 36. Nxg6 Kxg6 37. e7 Re8 38. Re1 Qc6 39. Re6 Qb7 40. Rce2 Bc7 41. Bxc7 Qxc7 42. Qe4+ Kf7 43. Rxf6+ 1-0

[Event "Sainte Marie op"]
[White "Travers, Christophe"]
[Black "Bardin, Christian"]
[Site "Sainte Marie"]
[Round "6"]
[Result "1-0"]
[Date "2005.10.20"]
[WhiteElo "1840"]
[BlackElo "1914"]
[PlyCount "93"]
[EventDate "2005.10.15"]
[EventType "swiss"]
[EventRounds "9"]
[EventCountry "FRA"]
[SourceTitle "EXT 2006"]
[Source "ChessBase"]
[SourceDate "2005.11.24"]
[SourceVersion "1"]
[SourceVersionDate "2005.11.24"]
[SourceQuality "1"]

1. d4 Nf6 2. Nf3 e6 3. Bg5 b6 4. c4 Bb7 5. e3 Be7 6. Bd3 d6 7. Nc3 0-0 8. Qc2 Nbd7 9. e4 e5 10. 0-0 h6 11. Bd2 exd4 12. Nxd4 Re8 13. f3 Ne5 14. Nd5 Bf8 15. Nf5 Nxd5 16. cxd5 c6 17. dxc6 Nxc6 18. Rac1 Rc8 19. Qb3 Ne5 20. Rxc8 Bxc8 21. Bb5 Re6 22. Nd4 Re7 23. f4 a6 24. Bc6 Nd7 25. Bd5 Nc5 26. Qf3 Bb7 27. Nc6 Bxc6 28. Bxc6 Rc7 29. Bd5 Ne6 30. Bc3 Be7 31. Bxe6 fxe6 32. Qg4 Bf6 33. Qxe6+ Kh8 34. e5 dxe5 35. fxe5 Bg5 36. Qxb6 Qc8 37. Qg6 Be3+ 38. Kh1 Rc6 39. e6 Qg8 40. Bxg7+ Qxg7 41. Qe8+ Qg8 42. Qxc6 Bg5 43. Qd6 Kh7 44. Qd7+ Kg6 45. e7 Bxe7 46. Qxe7 Qc4 47. Qf6+ 1-0

[Event "Sainte Marie op"]
[White "Gretry, Patrice"]
[Black "Travers, Christophe"]
[Site "Sainte Marie"]
[Round "5"]
[Result "1-0"]
[Date "2005.10.19"]
[WhiteElo "2073"]
[BlackElo "1840"]
[PlyCount "113"]
[EventDate "2005.10.15"]
[EventType "swiss"]
[EventRounds "9"]
[EventCountry "FRA"]
[SourceTitle "EXT 2006"]
[Source "ChessBase"]
[SourceDate "2005.11.24"]
[SourceVersion "1"]
[SourceVersionDate "2005.11.24"]
[SourceQuality "1"]

1. e4 e5 2. Nf3 Nf6 3. Nxe5 d6 4. Nf3 Nxe4 5. d4 d5 6. Bd3 Be7 7. 0-0 0-0 8. c4 Nc6 9. Nc3 Nf6 10. c5 Bg4 11. Be2 Ne4 12. h3 Bh5 13. Be3 Bxf3 14. Bxf3 Nxc3 15. bxc3 Bg5 16. Bxg5 Qxg5 17. Qb3 Na5 18. Qxd5 Qxd5 19. Bxd5 Rad8 20. Bb3 Rfe8 21. Rfe1 Kf8 22. Kf1 Rxe1+ 23. Rxe1 Re8 24. Rxe8+ Kxe8 25. Ke2 Ke7 26. Ke3 Nc6 27. Ke4 Nd8 28. f4 Nc6 29. g4 Nd8 30. h4 Nc6 31. g5 Nd8 32. Bd5 Kd7 33. Ke5 Ke7 34. Be4 f6+ 35. gxf6+ gxf6+ 36. Kf5 Kf7 37. d5 c6 38. c4 Kg7 39. Bf3 Kf7 40. Bh5+ Kg7 41. Be8 Kf8 42. Bd7 Kg7 43. Be6 b6 44. cxb6 axb6 45. a4 c5 46. Bc8 Kf7 47. d6 Nc6 48. Be6+ Kg7 49. Ke4 Nd8 50. Kd5 Kf8 51. Bf5 h6 52. Bg6 Kg7 53. f5 Kf8 54. Bh5 Kg7 55. d7 Kg8 56. Kd6 Kf8 57. Be8 1-0